000
00469nam a2200181Ia 4500
008
100917s9999 xx 000 0 und d
082
_b
63160
100
_a
मंगेशकर गीता
245
_a
भूषण
260
_b
प्रिया प्रकाशन
_c
1983
300
_a
191
365
_b
36
520
_a
कादंबरी
630
_a
भूषण
650
_a
कादंबरी
730
_a
भूषण
942
_c
BOOK
999
_c
668554
_d
668551